Statistiques concernant Les villes des Pays de la Loire

Cliquez ici pour prendre le quiz!

Statistiques générales

  • Ce quiz a été pris 391 fois
  • Le résultat moyen est 8 sur 13

Statistiques - réponses

PopulationVille% Correct
291 604 hab.Nantes
98%
149 017 hab.Angers
91%
143 599 hab.Le Mans
79%
67 940 hab.Saint-Nazaire
73%
50 658 hab.Laval
73%
52 808 hab.La Roche-sur-Yon
70%
54 181 hab.Cholet
59%
39 377 hab.Rezé
48%
43 287 hab.Saint-Herblain
46%
27 523 hab.Saumur
46%
24 761 hab.Orvault
36%
25 655 hab.Saint-Sébastien-sur-Loire
29%
22 307 hab.Vertou
27%

Distribution des résultats

Percentile par nombre de réponses

% des personnes avec chaque résultat

Votre développement - résultats

Vous n’avez pas pris ce quiz